มุมมองปกติ
มุมมองแบบ MARC
- นิธิ เอียวศรีวงศ์
รายการ Personal Name
001 - CONTROL NUMBER
- control field: 28032
003 - CONTROL NUMBER IDENTIFIER
- control field: NALT
005 - DATE AND TIME OF LATEST TRANSACTION
- control field: 20240314103059.0
008 - FIXED-LENGTH DATA ELEMENTS
- fixed length control field: 180424|| aca||aabn | a|a d
040 ## - CATALOGING SOURCE
- Original cataloging agency: NALT
100 04 - HEADING--PERSONAL NAME
- Personal name: นิธิ เอียวศรีวงศ์
- General subdivision: ทัศนะทางการเมืองและสังคม
